000 00437cam a22001217a 4500
008 180718b1968 xxu||||| |||| 00| 0 eng d
082 _aA81x54 In2/61/22
100 _aCensus of India 1961
245 _aManipur: general population tables, general economic tables, social and cultural tables
260 _aDelhi
_bThe Manager of Publications
_c1968
300 _a671+p.
440 _aCensus of India 1961. Volume XXII, Manipur. Part II-A,B,C
999 _c484163
_d484163